000 00889cam a22002897a 4500
003 CHAP
005 20220329142336.0
008 000818d2000 br a r 00110 por d
010 _a82039
011 _a83011
035 _a93519
040 _cCHAP
090 _aFolleto 16018
100 0 0 _aJunior, Paulo de Souza.
_962355
245 1 0 _aOsteoartrite canina :
_b1er. lugar Premio de Pesquisa Waltham 1999
_c/por Paulo de Souza Junior
260 _aEldorado do Sul :
_bWaltham,
_c2000.
300 _a20 p. :
_bilus.
590 _aBATCH-UPD
_b10
_c20130110
_lUCH01
_h0051
590 _aBATCH-UPD
_b10
_c20130110
_lUCH01
_h0822
590 _aCONVERSION
_b10
_c20130109
_lUCH01
_h1346
650 1 4 _aPerros
_xEnfermedades.
_987270
650 1 4 _aVeterinaria.
_9118987
901 _aBK
905 _aLilia Sánchez G.
942 _cFOLL
949 _aFolleto 16018
_bBC
_cFOLL
_d935191
_eTS1
_i93519
_sb
999 _c82039
_d82039